Querido Diego, te abraza Quiela /

שמור ב:
מידע ביבליוגרפי
מחבר ראשי: Poniatowska, Elena (autor)
פורמט: ספר
שפה:ספרדית
יצא לאור: México : Era, 1987, c1978
מהדורה:8a edición
סדרה:(Biblioteca Era. Narrativa)
נושאים:
תגים: הוספת תג
אין תגיות, היה/י הראשונ/ה לתייג את הרשומה!

MARC

LEADER 00000nam^a2200000^a^4500
001 000316395
005 20250521000000.0
009 20260310113312.126
025 |a Donación Andrés Kroepfly, 1 ejemplar 
037 |a Acervo Xavier Clavigero 
041 |a ESP 
082 |a 863.  |b PON 
100 |a Poniatowska, Elena  |e (autor) 
245 1 0 |a Querido Diego, te abraza Quiela /  |c E. Poniatowska. 
250 |a 8a edición 
264 4 |a México :  |b Era,  |c 1987, c1978 
300 |a 72 p. 
336 |a texto  |b txt  |2 rdacontenido 
337 |a sin mediación  |b n  |2 rdamedio 
338 |a volumen  |b nc  |2 rdasoporte 
440 1 |a (Biblioteca Era.  |p Narrativa) 
545 0 |a Elena Poniatowska Amor (1932), escritora nacida en París y naturalizada mexicana en 1969. Es reconocida como una de las grandes cronistas y entrevistadoras de la literatura nacional. Sus escritos están plagados de referencia hacia la mujer y su papel, además la ciudad de México es un tema recurrente, junto con la denuncia social y testimonial. Entre los premios que ha ganado se cuentan: el Xavier Villaurrutia en 1970, el Premio Mazatlán en 1970 y 1993, el Premio Nacional de Periodismo en 1978, la Medalla Gabriela Mistral en 1995 y el Premio Cervantes 2013. Algunas de sus obras son los cuentos Lilus Kikus (1954); los libros testimoniales La noche de Tlatelolco (1971) y Fuerte es el silencio (1980) y las novelas Hasta no verte, Jesús mío (1969), Querido Diego, te abraza Quiela (1978), La flor de lis (1988), Tinísima (1992), Paseo de la Reforma (1996), La piel del cielo (2001), esta última reconocida el mismo año de su publicación con el Premio Alfaguara de Novela y Leonora (2011). 
649 |a XX 
650 |a Pintores Rusos -  |x Biografías 
650 |a Artistas Rusos -  |x Biografías 
650 |a Mujeres Rusas -  |x Biografías 
650 |a Novela Mexicana 
650 |a Literatura Mexicana -  |y Siglo XX 
650 |a Literatura de Mujeres -  |z México 
650 |a Beloff, Angelina -  |x Tema Principal 
910 |a Fondo General 
920 |a Impresos - Libros 
930 |a Colección General 
940 |a Literatura 
905 |a 101 
901 |a 0500203630  |b IT1  |c LIT  |i D  |u 20250521 
902 |a https://opac.biblio.iteso.mx/vufind/Record/000316395